<?xml version="1.0" encoding="UTF-8"?>
<record
    xmlns:xsi="http://www.w3.org/2001/XMLSchema-instance"
    xsi:schemaLocation="http://www.loc.gov/MARC21/slim http://www.loc.gov/standards/marcxml/schema/MARC21slim.xsd"
    xmlns="http://www.loc.gov/MARC21/slim">

  <leader>00880nam a2200229 a 4500</leader>
  <controlfield tag="001">39298</controlfield>
  <controlfield tag="003">BD-RjUL</controlfield>
  <controlfield tag="005">20211209052948.0</controlfield>
  <controlfield tag="008">160407b2014    bg ||||e |||| 00| 0 ben d</controlfield>
  <datafield tag="020" ind1=" " ind2=" ">
    <subfield code="a">9789848558409</subfield>
    <subfield code="c">tk. 995.00</subfield>
  </datafield>
  <datafield tag="035" ind1=" " ind2=" ">
    <subfield code="a">(BD-RjUL)39411</subfield>
  </datafield>
  <datafield tag="040" ind1=" " ind2=" ">
    <subfield code="a">BD-RjUL</subfield>
    <subfield code="b">ben</subfield>
    <subfield code="c">BD-RjUL</subfield>
  </datafield>
  <datafield tag="041" ind1=" " ind2=" ">
    <subfield code="a">ben</subfield>
  </datafield>
  <datafield tag="082" ind1=" " ind2=" ">
    <subfield code="2">23</subfield>
    <subfield code="a">230.914126</subfield>
    <subfield code="b">BAN 2014</subfield>
  </datafield>
  <datafield tag="245" ind1=" " ind2=" ">
    <subfield code="a">&#x9AC;&#x9BE;&#x999;&#x9BE;&#x9B2;&#x9BF;&#x9B0; &#x9A7;&#x9B0;&#x9CD;&#x9AE;&#x99A;&#x9BF;&#x9A8;&#x9CD;&#x9A4;&#x9BE; /</subfield>
    <subfield code="c">&#x9B8;&#x999;&#x9CD;&#x995;&#x9B2;&#x9A8; &#x993; &#x9B8;&#x9AE;&#x9CD;&#x9AA;&#x9BE;&#x9A6;&#x9A8;&#x9BE; : &#x9AE;&#x9CB;&#x9B9;&#x9BE;&#x9AE;&#x9CD;&#x9AE;&#x9A6; &#x986;&#x9AC;&#x9A6;&#x9C1;&#x9B2; &#x9B9;&#x9BE;&#x987;</subfield>
  </datafield>
  <datafield tag="260" ind1=" " ind2=" ">
    <subfield code="a">&#x9A2;&#x9BE;&#x995;&#x9BE; :</subfield>
    <subfield code="b">&#x9B8;&#x9C2;&#x99A;&#x9C0;&#x9AA;&#x9A4;&#x9CD;&#x9B0; ;</subfield>
    <subfield code="c">&#x9E8;&#x9E6;&#x9E7;&#x9EA;.</subfield>
  </datafield>
  <datafield tag="300" ind1=" " ind2=" ">
    <subfield code="a">&#x9EC;&#x9EC;&#x9EA; &#x9AA;&#x9C3;. ;</subfield>
    <subfield code="c">&#x9E8;&#x9E7; &#x9B8;&#x9C7;&#x9AE;&#x9BF;.</subfield>
  </datafield>
  <datafield tag="650" ind1=" " ind2=" ">
    <subfield code="a">&#x9A7;&#x9B0;&#x9CD;&#x9AE;&#x9A4;&#x9A4;&#x9CD;&#x9A4;&#x9CD;&#x9AC;</subfield>
    <subfield code="z">&#x9AC;&#x9BE;&#x999;&#x9CD;&#x997;&#x9BE;&#x9B2;&#x9C0;</subfield>
    <subfield code="9">121151</subfield>
  </datafield>
  <datafield tag="650" ind1=" " ind2=" ">
    <subfield code="a">Theology</subfield>
    <subfield code="z">Bangalis</subfield>
    <subfield code="9">121152</subfield>
  </datafield>
  <datafield tag="700" ind1=" " ind2=" ">
    <subfield code="a">&#x9B9;&#x9BE;&#x987;, &#x9AE;&#x9CB;&#x9B9;&#x9BE;&#x9AE;&#x9CD;&#x9AE;&#x9A6; &#x986;&#x9AC;&#x9A6;&#x9C1;&#x9B2;</subfield>
    <subfield code="9">121153</subfield>
  </datafield>
  <datafield tag="942" ind1=" " ind2=" ">
    <subfield code="2">ddc</subfield>
    <subfield code="c">BK</subfield>
    <subfield code="0">12</subfield>
  </datafield>
  <datafield tag="999" ind1=" " ind2=" ">
    <subfield code="c">39298</subfield>
    <subfield code="d">39298</subfield>
  </datafield>
  <datafield tag="952" ind1=" " ind2=" ">
    <subfield code="0">0</subfield>
    <subfield code="1">0</subfield>
    <subfield code="2">ddc</subfield>
    <subfield code="4">0</subfield>
    <subfield code="7">1</subfield>
    <subfield code="8">NFIC</subfield>
    <subfield code="a">RUCL</subfield>
    <subfield code="b">RUCL</subfield>
    <subfield code="c">Reading</subfield>
    <subfield code="d">2015-12-12</subfield>
    <subfield code="e">Biddasagor, Rajshahi</subfield>
    <subfield code="g">995.00</subfield>
    <subfield code="l">0</subfield>
    <subfield code="o">B 230.914126 BAN 2014</subfield>
    <subfield code="r">2016-04-07 00:00:00</subfield>
    <subfield code="t">C-1</subfield>
    <subfield code="w">2021-12-09</subfield>
    <subfield code="y">BK</subfield>
  </datafield>
  <datafield tag="952" ind1=" " ind2=" ">
    <subfield code="0">0</subfield>
    <subfield code="1">0</subfield>
    <subfield code="2">ddc</subfield>
    <subfield code="4">0</subfield>
    <subfield code="7">0</subfield>
    <subfield code="8">NFIC</subfield>
    <subfield code="a">RUCL</subfield>
    <subfield code="b">RUCL</subfield>
    <subfield code="c">Stack</subfield>
    <subfield code="d">2015-12-12</subfield>
    <subfield code="e">Biddasagor, Rajshahi</subfield>
    <subfield code="g">995.00</subfield>
    <subfield code="l">6</subfield>
    <subfield code="o">B 230.914126 BAN 2014</subfield>
    <subfield code="r">2023-01-17 00:00:00</subfield>
    <subfield code="s">2022-12-27</subfield>
    <subfield code="t">C-2</subfield>
    <subfield code="w">2016-04-07</subfield>
    <subfield code="y">BK</subfield>
  </datafield>
  <datafield tag="952" ind1=" " ind2=" ">
    <subfield code="0">0</subfield>
    <subfield code="1">0</subfield>
    <subfield code="2">ddc</subfield>
    <subfield code="4">0</subfield>
    <subfield code="7">0</subfield>
    <subfield code="8">NFIC</subfield>
    <subfield code="a">RUCL</subfield>
    <subfield code="b">RUCL</subfield>
    <subfield code="c">Stack</subfield>
    <subfield code="d">2015-12-12</subfield>
    <subfield code="e">Biddasagor, Rajshahi</subfield>
    <subfield code="g">995.00</subfield>
    <subfield code="l">13</subfield>
    <subfield code="m">1</subfield>
    <subfield code="o">B 230.914126 BAN 2014</subfield>
    <subfield code="r">2025-05-18 00:00:00</subfield>
    <subfield code="s">2025-02-11</subfield>
    <subfield code="t">C-3</subfield>
    <subfield code="w">2016-04-07</subfield>
    <subfield code="y">BK</subfield>
  </datafield>
</record>
